Franklin Delano Roosevelt prezident na invalidnom vozíku

Bibliographic Details
Main Author: Greguš, Peter (Author)
Format: Article
Language:Slovak
PhysicalDescription:Fotogr.
ISSN:1335-468X
Subjects:

MARC

LEADER 00000nab a2200000 a 4500
001 vtls000865431
003 SK-MaSNL
005 20260302161034.0
008 180206c2004 xo 0 slo
015 |a SNBRB2004/03-07862 
035 |a CLN000216983 
040 |a SNKBUCL  |b slo  |c SNKBUCL  |e AACR2 
041 0 |a slo 
044 |a xo  |c SK 
080 |a 94(73)-051"18/19"  |2 UDC-MRF-SK2 
100 1 |a Greguš, Peter  |4 aut  |9 377535 
245 1 0 |a Franklin Delano Roosevelt  |b prezident na invalidnom vozíku  |c Peter Greguš 
300 |b Fotogr. 
600 1 7 |a Roosevelt, Franklin D.  |q (Franklin Delano),  |d 1882-1945  |2 snkbucl  |9 121230 
655 7 |a články z novín a časopisov  |2 snkbucl  |9 267496 
773 0 |x 1335-468X  |t Slovo. Spoločensko-politický týždenník  |g Roč. 6, č. 6 (2004), s. 12 
850 |a Slovenská národná knižnica v Martine 
852 |a SNK  |b KIS3GCP 
958 |a RBX 
999 |c 1376268  |d 1378198